<?xml version="1.0" encoding="UTF-8"?>
<record
    xmlns:xsi="http://www.w3.org/2001/XMLSchema-instance"
    xsi:schemaLocation="http://www.loc.gov/MARC21/slim http://www.loc.gov/standards/marcxml/schema/MARC21slim.xsd"
    xmlns="http://www.loc.gov/MARC21/slim">

  <leader>00825    a2200241   4500</leader>
  <datafield tag="999" ind1=" " ind2=" ">
    <subfield code="c">8383</subfield>
    <subfield code="d">8383</subfield>
  </datafield>
  <controlfield tag="003">GBCCL</controlfield>
  <controlfield tag="005">20241126110649.0</controlfield>
  <controlfield tag="008">200224b           ||||| |||| 00| 0 eng d</controlfield>
  <datafield tag="020" ind1=" " ind2=" ">
    <subfield code="a">9788180699764</subfield>
  </datafield>
  <datafield tag="040" ind1=" " ind2=" ">
    <subfield code="c">GBC</subfield>
  </datafield>
  <datafield tag="082" ind1=" " ind2=" ">
    <subfield code="a">174.4</subfield>
    <subfield code="b">ISS</subfield>
  </datafield>
  <datafield tag="245" ind1=" " ind2=" ">
    <subfield code="a">Issues in ethics and applied ethics/</subfield>
    <subfield code="c">edited by Shiva Nath Prasad, Avinash Kumar Srivastava.</subfield>
  </datafield>
  <datafield tag="260" ind1=" " ind2=" ">
    <subfield code="a">New Delhi : </subfield>
    <subfield code="b">Concept Publishing Company Pvt. Ltd., </subfield>
    <subfield code="c">2015.</subfield>
  </datafield>
  <datafield tag="300" ind1=" " ind2=" ">
    <subfield code="a">5v</subfield>
  </datafield>
  <datafield tag="440" ind1=" " ind2=" ">
    <subfield code="a">Ethics in business, applied and environment</subfield>
    <subfield code="n">1</subfield>
    <subfield code="9">14662</subfield>
  </datafield>
  <datafield tag="440" ind1=" " ind2=" ">
    <subfield code="a">Ethics in Feminism</subfield>
    <subfield code="n">2</subfield>
    <subfield code="9">14663</subfield>
  </datafield>
  <datafield tag="440" ind1=" " ind2=" ">
    <subfield code="a">Socio-Political ethics</subfield>
    <subfield code="n">3</subfield>
    <subfield code="9">14664</subfield>
  </datafield>
  <datafield tag="440" ind1=" " ind2=" ">
    <subfield code="a">Biomedical ethics</subfield>
    <subfield code="n">4 (part1 and 2)</subfield>
    <subfield code="9">14665</subfield>
  </datafield>
  <datafield tag="440" ind1=" " ind2=" ">
    <subfield code="a">Metaethics</subfield>
    <subfield code="n">5 (part1)</subfield>
    <subfield code="9">14666</subfield>
  </datafield>
  <datafield tag="440" ind1=" " ind2=" ">
    <subfield code="a">Normative ethics and virtue ethics</subfield>
    <subfield code="n">5 (part2)</subfield>
    <subfield code="9">14667</subfield>
  </datafield>
  <datafield tag="650" ind1=" " ind2=" ">
    <subfield code="a">Ethics</subfield>
    <subfield code="9">173</subfield>
  </datafield>
  <datafield tag="942" ind1=" " ind2=" ">
    <subfield code="2">ddc</subfield>
    <subfield code="c">BK</subfield>
    <subfield code="0">4</subfield>
  </datafield>
  <datafield tag="952" ind1=" " ind2=" ">
    <subfield code="0">0</subfield>
    <subfield code="1">0</subfield>
    <subfield code="2">ddc</subfield>
    <subfield code="4">0</subfield>
    <subfield code="7">0</subfield>
    <subfield code="a">GBC</subfield>
    <subfield code="b">GBC</subfield>
    <subfield code="c">P&amp;RL</subfield>
    <subfield code="d">2020-02-24</subfield>
    <subfield code="e">10</subfield>
    <subfield code="g">894.64</subfield>
    <subfield code="l">1</subfield>
    <subfield code="o">174.4 ISS</subfield>
    <subfield code="p">013854</subfield>
    <subfield code="r">2025-05-01 00:00:00</subfield>
    <subfield code="s">2024-07-15</subfield>
    <subfield code="t">v.1</subfield>
    <subfield code="v">1192.85</subfield>
    <subfield code="w">2020-02-24</subfield>
    <subfield code="y">BK</subfield>
  </datafield>
  <datafield tag="952" ind1=" " ind2=" ">
    <subfield code="0">0</subfield>
    <subfield code="1">0</subfield>
    <subfield code="2">ddc</subfield>
    <subfield code="4">0</subfield>
    <subfield code="7">0</subfield>
    <subfield code="a">GBC</subfield>
    <subfield code="b">GBC</subfield>
    <subfield code="c">P&amp;RL</subfield>
    <subfield code="d">2020-02-24</subfield>
    <subfield code="e">10</subfield>
    <subfield code="g">894.64</subfield>
    <subfield code="l">1</subfield>
    <subfield code="o">174.4 ISS</subfield>
    <subfield code="p">013855</subfield>
    <subfield code="r">2025-05-01 00:00:00</subfield>
    <subfield code="s">2020-11-24</subfield>
    <subfield code="t">v.2</subfield>
    <subfield code="v">1192.85</subfield>
    <subfield code="w">2020-02-24</subfield>
    <subfield code="y">BK</subfield>
  </datafield>
  <datafield tag="952" ind1=" " ind2=" ">
    <subfield code="0">0</subfield>
    <subfield code="1">0</subfield>
    <subfield code="2">ddc</subfield>
    <subfield code="4">0</subfield>
    <subfield code="7">0</subfield>
    <subfield code="a">GBC</subfield>
    <subfield code="b">GBC</subfield>
    <subfield code="c">P&amp;RL</subfield>
    <subfield code="d">2020-02-24</subfield>
    <subfield code="e">10</subfield>
    <subfield code="g">894.64</subfield>
    <subfield code="l">2</subfield>
    <subfield code="o">174.4 ISS</subfield>
    <subfield code="p">013856</subfield>
    <subfield code="r">2025-05-01 00:00:00</subfield>
    <subfield code="s">2021-04-05</subfield>
    <subfield code="t">v.3</subfield>
    <subfield code="v">1192.85</subfield>
    <subfield code="w">2020-02-24</subfield>
    <subfield code="y">BK</subfield>
  </datafield>
  <datafield tag="952" ind1=" " ind2=" ">
    <subfield code="0">0</subfield>
    <subfield code="1">0</subfield>
    <subfield code="2">ddc</subfield>
    <subfield code="4">0</subfield>
    <subfield code="7">0</subfield>
    <subfield code="a">GBC</subfield>
    <subfield code="b">GBC</subfield>
    <subfield code="c">P&amp;RL</subfield>
    <subfield code="d">2020-02-24</subfield>
    <subfield code="e">10</subfield>
    <subfield code="g">894.64</subfield>
    <subfield code="l">0</subfield>
    <subfield code="o">174.4 ISS</subfield>
    <subfield code="p">013857</subfield>
    <subfield code="r">2025-05-01 00:00:00</subfield>
    <subfield code="t">v.4,1</subfield>
    <subfield code="v">1192.85</subfield>
    <subfield code="w">2020-02-24</subfield>
    <subfield code="y">BK</subfield>
  </datafield>
  <datafield tag="952" ind1=" " ind2=" ">
    <subfield code="0">0</subfield>
    <subfield code="1">0</subfield>
    <subfield code="2">ddc</subfield>
    <subfield code="4">0</subfield>
    <subfield code="7">0</subfield>
    <subfield code="a">GBC</subfield>
    <subfield code="b">GBC</subfield>
    <subfield code="c">P&amp;RL</subfield>
    <subfield code="d">2020-02-24</subfield>
    <subfield code="e">10</subfield>
    <subfield code="g">894.64</subfield>
    <subfield code="l">0</subfield>
    <subfield code="o">174.4 ISS</subfield>
    <subfield code="p">013858</subfield>
    <subfield code="r">2025-05-01 00:00:00</subfield>
    <subfield code="t">v.4,2</subfield>
    <subfield code="v">1192.85</subfield>
    <subfield code="w">2020-02-24</subfield>
    <subfield code="y">BK</subfield>
  </datafield>
  <datafield tag="952" ind1=" " ind2=" ">
    <subfield code="0">0</subfield>
    <subfield code="1">0</subfield>
    <subfield code="2">ddc</subfield>
    <subfield code="4">0</subfield>
    <subfield code="7">0</subfield>
    <subfield code="a">GBC</subfield>
    <subfield code="b">GBC</subfield>
    <subfield code="c">P&amp;RL</subfield>
    <subfield code="d">2020-02-24</subfield>
    <subfield code="e">10</subfield>
    <subfield code="g">894.64</subfield>
    <subfield code="l">0</subfield>
    <subfield code="o">174.4 ISS</subfield>
    <subfield code="p">013859</subfield>
    <subfield code="r">2025-05-01 00:00:00</subfield>
    <subfield code="t">v.5,1</subfield>
    <subfield code="v">1192.85</subfield>
    <subfield code="w">2020-02-24</subfield>
    <subfield code="y">BK</subfield>
  </datafield>
  <datafield tag="952" ind1=" " ind2=" ">
    <subfield code="0">0</subfield>
    <subfield code="1">0</subfield>
    <subfield code="2">ddc</subfield>
    <subfield code="4">0</subfield>
    <subfield code="7">0</subfield>
    <subfield code="a">GBC</subfield>
    <subfield code="b">GBC</subfield>
    <subfield code="c">P&amp;RL</subfield>
    <subfield code="d">2020-02-24</subfield>
    <subfield code="e">10</subfield>
    <subfield code="g">894.64</subfield>
    <subfield code="l">0</subfield>
    <subfield code="o">174.4 ISS</subfield>
    <subfield code="p">013860</subfield>
    <subfield code="r">2025-05-01 00:00:00</subfield>
    <subfield code="t">v.5,2</subfield>
    <subfield code="v">1192.85</subfield>
    <subfield code="w">2020-02-24</subfield>
    <subfield code="y">BK</subfield>
  </datafield>
</record>
